| 000 | 01075nac a22003011i 4500 | ||
|---|---|---|---|
| 003 | EG-ScBUE | ||
| 005 | 20230112114952.0 | ||
| 008 | 230112s1985 nyua f b 001 0 eng d | ||
| 020 | _a0815601948 (pbk.) | ||
| 040 |
_aEG-ScBUE _beng _erda _cEG-ScBUE _dEG-ScBUE |
||
| 082 | 0 | 4 |
_a748.5914766 _bHEN _222 |
| 245 | 0 | 0 |
_aHenry Keck Stained Glass Studio : _b1913-1974 / _cedited by Cleota Reed. |
| 250 | _aFirst edition. | ||
| 264 | 1 |
_aSyracuse, New York : _bSyracuse University Press, _c1985. |
|
| 300 |
_axxi, 159 pages : _billustrations (some color) ; _c26 cm. |
||
| 336 |
_2rdacontent _atext _btxt |
||
| 337 |
_2rdamedia _aunmediated _bn |
||
| 338 |
_2rdacarrier _avolume _bnc |
||
| 490 | 0 | _aA York State book | |
| 504 | _aIncludes bibliographical references and index. | ||
| 610 | 2 | 7 |
_aHenry Keck Stained Glass Studio. _2BUEsh |
| 650 | 7 |
_aGlass painting and staining _zNew York (State) _zSyracuse _xHistory _y20th century. _2BUEsh |
|
| 653 | _bART | ||
| 655 | _vReading book | ||
| 700 | 1 |
_aReed, Cleota, _eeditor. |
|
| 942 |
_cBB _2ddc |
||
| 999 |
_c1824 _d1824 |
||